Le travail d'idéation (Record no. 128683)

MARC details
000 -LEADER
campo de control de longitud fija 00458nam a2200145 i 4500
001 - NÚMERO DE CONTROL
campo de control 128683
003 - IDENTIFICADOR DE NÚMERO DE CONTROL
campo de control ES-MaACL
007 - CAMPO FIJO DE DESCRIPCIÓN FÍSICA--INFORMACIÓN GENERAL
campo de control de longitud fija t|
008 - DATOS DE LONGITUD FIJA--INFORMACIÓN GENERAL
campo de control de longitud fija 070523s1911 fr ||||1| fre d
100 1# - ENTRADA PRINCIPAL--NOMBRE DE PERSONA
Nombre de persona Tassy, Edme.
9 (RLIN) 109376
245 13 - MENCIÓN DEL TÍTULO
Título Le travail d'idéation
Resto del título : hypothèses sur les réactions centrales dans les phénomènes mentaux /
Mención de responsabilidad, etc. par Edme Tassy.
260 ## - PUBLICACIÓN, DISTRIBUCIÓN, ETC.
Lugar de publicación, distribución, etc. París [Tours :
Nombre del editor, distribuidor, etc. E. Arrault],
Fecha de publicación, distribución, etc. 1911.
300 ## - DESCRIPCIÓN FÍSICA
Extensión 316 p. ;
Dimensiones 23 cm.
852 ## - LOCALIZACIÓN
Ubicación ES-MaACL
Número de control de estantería B-7197
Holdings
Estatus retirado Estado de pérdida Estado de daño No para préstamo Biblioteca de origen Biblioteca actual Ubicación en estantería Fecha de adquisición Fuente de adquisición Total de préstamos Signatura topográfica completa Código de barras Visto por última vez Precio de reemplazo Tipo de ítem Koha
        Biblioteca del Ateneo de Madrid Biblioteca del Ateneo de Madrid Sala Pardo Bazán 17/01/2008     B-7197 1134015 23/02/2023 23/02/2023 Libro impreso